000 00521nam a2200193Ia 4500
005 20250326141047.0
008 250326s9999 xx 000 0 und d
037 _aTextbook
040 _aFMSL
_beng
_cFMSL
041 _aeng
_2eng
084 _aZ442674 N7
_qFMSL
100 _aNaraya P
_9743611
245 0 _aIntellectual property law
_cNaraya P
250 _a2
260 _aNew Delhi
_bNew Delhi, Eastern law House
_c1997
300 _a561p
942 _cTB
_hZ442674 N7
999 _c1288518
_d1288518